000
00241nam a22001097a 4500
082
_a
671.5212 AUS'E
100
_a
AUSHIN, JOHN BENJAMIN
_9
58257
245
_a
ELECTRIC ARC WELDING
260
_a
USA
_b
ATS
_c
1952
300
_a
282P
942
_c
BK
999
_c
568454
_d
568454